Vincent Scotto (Record no. 170606)
[ view plain ]
| 000 -LEADER | |
|---|---|
| campo de control de longitud fija | 00712nam a22001935i 4500 |
| 001 - NÚMERO DE CONTROL | |
| campo de control | 170606 |
| 003 - IDENTIFICADOR DE NÚMERO DE CONTROL | |
| campo de control | ES-MaACL |
| 005 - FECHA Y HORA DE LA ÚLTIMA TRANSACCIÓN | |
| campo de control | 20230906214420.0 |
| 008 - DATOS DE LONGITUD FIJA--INFORMACIÓN GENERAL | |
| campo de control de longitud fija | 090324s1992 fr |||| | fre d |
| 080 ## - NÚMERO DE LA CLASIFICACIÓN DECIMAL UNIVERSAL | |
| Número de la Clasificación Decimal Universal | 78 Scotto, Vincent |
| 100 1# - ENTRADA PRINCIPAL--NOMBRE DE PERSONA | |
| Nombre de persona | Scotto, Vincent. |
| 9 (RLIN) | 139656 |
| 245 10 - MENCIÓN DEL TÍTULO | |
| Título | Vincent Scotto |
| Resto del título | : période de 1910 à 1925 / |
| Mención de responsabilidad, etc. | 8 chansons illustrées par Pousthomis, Clerice, Edmond Maquis. |
| 260 ## - PUBLICACIÓN, DISTRIBUCIÓN, ETC. | |
| Lugar de publicación, distribución, etc. | Paris : |
| Nombre del editor, distribuidor, etc. | Fortin, |
| Fecha de publicación, distribución, etc. | 1992. |
| 300 ## - DESCRIPCIÓN FÍSICA | |
| Extensión | [8] p. : |
| Otras características físicas | il. ; |
| Dimensiones | 30 cm + |
| Material acompañante/anejo | 8 partituras con música y letra. |
| 600 14 - PUNTO DE ACCESO ADICIONAL DE MATERIA--NOMBRE DE PERSONA | |
| Nombre de persona | Scotto, Vincent. |
| 9 (RLIN) | 139656 |
| 700 1# - ENTRADA AGREGADA--NOMBRE PERSONAL | |
| Nombre de persona | Pousthomis. |
| 9 (RLIN) | 139657 |
| 700 1# - ENTRADA AGREGADA--NOMBRE PERSONAL | |
| Nombre de persona | Clérice, Charles. |
| 9 (RLIN) | 139658 |
| 852 ## - LOCALIZACIÓN | |
| Ubicación | ES-MaACL |
| Número de control de estantería | 2278-F-27 |
| itemnumber | R.141166 |
| Nota libre | .- Biblioteca Jacinto Martínez Lacalle |
| Estatus retirado | Estado de pérdida | Estado de daño | No para préstamo | Colección | Biblioteca de origen | Biblioteca actual | Ubicación en estantería | Fecha de adquisición | Fuente de adquisición | Total de préstamos | Signatura topográfica completa | Código de barras | Visto por última vez | Precio de reemplazo | Tipo de ítem Koha |
|---|---|---|---|---|---|---|---|---|---|---|---|---|---|---|---|
| Colección de folletos | Biblioteca del Ateneo de Madrid | Biblioteca del Ateneo de Madrid | Depósito folletos | 24/03/2009 | 2278-F-27 | 1179041 | 23/02/2023 | 23/02/2023 | Folleto |
